000 00825nam a2200229Ia 4500
003 GCL
008 140319s9999 xx 000 0 ara d
020 _a292227977
040 _aGCL /
_cGCL
082 0 4 _aق
_b962.1
_bم م
100 1 _aمحمد سعد ابوعامود
245 1 0 _aمحافظة مطروح /
_cمحمد سعد ابوعامود
260 _aالقاهرة :
_bمركز الدراسات السياسية والاستراتيجية - الأهرام ،
_c2005
300 _a96 ص ؛
_c19سم
490 _aسلسلة المحافظات المصرية
_v0
650 0 4 _aمصر - محافظات
650 0 4 _aمطروح - تاريخ
650 0 4 _aمطروح - التنمية البشرية
650 0 4 _aمطروح، محافظة
650 0 4 _aمصر - التنمية البشرية
942 _2ddc
_cBK
999 _c9248
_d9248